Pros and cons of initiating negotiations with Japan to explore the possibility of a U.S.-Japan free trade area agreement : Investigation no. TA-332-255.

সংরক্ষণ করুন:
গ্রন্থ-পঞ্জীর বিবরন
বিন্যাস: গ্রন্থ
ভাষা:Undetermined
প্রকাশিত: Washington, DC : U.S. International Trade Commission, 1988
বিষয়গুলি:
ট্যাগগুলো: ট্যাগ যুক্ত করুন
কোনো ট্যাগ নেই, প্রথমজন হিসাবে ট্যাগ করুন!
Thư viện lưu trữ: Trung tâm Học liệu Trường Đại học Cần Thơ
LEADER 00622nam a2200181Ia 4500
001 CTU_97468
008 210402s9999 xx 000 0 und d
082 |a 382.973052 
082 |b P966 
245 0 |a Pros and cons of initiating negotiations with Japan to explore the possibility of a U.S.-Japan free trade area agreement : 
245 0 |b Investigation no. TA-332-255. 
260 |a Washington, DC : 
260 |b U.S. International Trade Commission, 
260 |c 1988 
650 |a Foreign trade regulation.,Free trade 
650 |z Japan 
904 |i M.Loan 
980 |a Trung tâm Học liệu Trường Đại học Cần Thơ